[Event "Bergens SK Høstturnering 2023"]
[Site "Bergens Schakklub"]
[Date "2023.10.17"]
[Round "6"]
[White "Nygård-Forberg, Kristian Elias"]
[Black "Larsen, Stig Børje"]
[Result "0-1"]
[WhiteElo "1492"]
[BlackElo "1688"]
[PlyCount "104"]
[EventDate "2023.??.??"]

1. e4 c5 2. c4 g6 3. g3 Bg7 4. Bg2 Nc6 5. Ne2 e6 6. d3 Nge7 7. Nbc3 d6 8. O-O
O-O 9. Be3 Nd4 10. Bxd4 cxd4 11. Nb5 Nc6 12. Na3 a6 13. f4 Bd7 14. Qd2 f5 15.
Rab1 e5 16. b4 Rb8 17. b5 Qa5 18. Qb2 Ne7 19. Qb4 Qxb4 20. Rxb4 a5 21. Rb2 b6
22. Nc2 Rbc8 23. Rc1 Be6 24. Ne1 Rc5 25. Nf3 h6 26. Nd2 Kh7 27. Rf1 Ng8 28. h3
Nf6 29. Kh2 fxe4 30. Bxe4 Bf5 31. Bxf5 gxf5 32. fxe5 Rxe5 33. Nxd4 Nd7 34. N2f3
Re3 35. Rd2 Nc5 36. Rfd1 f4 37. g4 Rfe8 38. Kg2 Bxd4 39. Nxd4 Rg3+ 40. Kf2 Ree3
41. Nf5 Nxd3+ 42. Rxd3 Rgf3+ 43. Kg2 Rxd3 44. Re1 Rxh3 45. Re7+ Kg6 46. Rb7 h5
47. Ne7+ Kg5 48. gxh5 Rhg3+ 49. Kf2 Rd2+ 50. Kf1 Rc3 51. Ke1 Rxa2 52. Kd1 Rh3
0-1

[Event "Bergens SK Høstturnering 2023"]
[Site "Bergens Schakklub"]
[Date "2023.10.17"]
[Round "6"]
[White "Manne, Per Erik"]
[Black "Fossheim, Yngve Götestam"]
[Result "0-1"]
[WhiteElo "2175"]
[BlackElo "2018"]
[PlyCount "98"]
[EventDate "2023.??.??"]

1. Nf3 Nf6 2. d4 d5 3. c4 c6 4. Nc3 e6 5. e3 Nbd7 6. Qc2 Bd6 7. b3 Qe7 8. Bb2
O-O 9. O-O-O dxc4 10. Bxc4 a5 11. e4 e5 12. Rhe1 b5 13. Bf1 Ba3 14. dxe5 Bxb2+
15. Qxb2 Nxe5 16. Nxe5 Qxe5 17. g3 Qc7 18. e5 Nd5 19. Nxd5 cxd5+ 20. Kb1 b4 21.
Rxd5 Be6 22. Rd2 a4 23. Rc1 Qa5 24. bxa4 b3 25. axb3 Bxb3 26. Bb5 Bxa4 27. Bxa4
Qxa4 28. Rd4 Qa6 29. Rb4 Qg6+ 30. Qc2 Rfb8 31. Rxb8+ Rxb8+ 32. Ka1 Qa6+ 33. Qa2
Qb5 34. f4 Qb4 35. Rb1 Qc3+ 36. Rb2 Kh8 37. f5 Qxe5 38. Qa3 g6 39. fxg6 hxg6
40. Ka2 Qd5+ 41. Kb1 Qh1+ 42. Kc2 Qxh2+ 43. Kb1 Qh1+ 44. Kc2 Rc8+ 45. Kd2 Qg2+
46. Kd1 Qf1+ 47. Kd2 Qf2+ 48. Kd1 Rd8+ 49. Kc1 Qe1+
0-1

[Event "Bergens SK Høstturnering 2023"]
[Site "Bergens Schakklub"]
[Date "2023.10.17"]
[Round "6"]
[White "Bjarnason, Snorri Vikanes"]
[Black "Helgøy, Håkon Hembre"]
[Result "1-0"]
[WhiteElo "1739"]
[BlackElo "1620"]
[PlyCount "105"]
[EventDate "2023.??.??"]

1. Nf3 e6 2. g3 Nf6 3. Bg2 Be7 4. O-O O-O 5. a3 d5 6. c4 c6 7. b4 a5 8. bxa5
Rxa5 9. Qb3 Nbd7 10. d4 Nb6 11. c5 Nc4 12. Nbd2 b5 13. cxb6 Ba6 14. Nxc4 Bxc4
15. Qc2 Qxb6 16. Ne5 c5 17. Nxc4 dxc4 18. dxc5 Qxc5 19. Be3 Qb5 20. Rfb1 Qa4
21. Qc3 Nd5 22. Bxd5 exd5 23. Bd4 f6 24. Qe3 Re8 25. Qe6+ Kf8 26. Rb7 Rb5 27.
Qd7 Ra5 28. Qc7 Rb5 29. Ra7 Qc2 30. Rb7 Rxb7 31. Qxb7 Qe4 32. e3 Bd6 33. Qc6
Qe6 34. a4 Rc8 35. Qb6 c3 36. Rc1 c2 37. Qb2 Qe4 38. Bxf6 Qd3 39. Qb7 Rc7 40.
Qb8+ Kf7 41. Bb2 Qd2 42. Qh8 d4 43. Qxh7 Rc5 44. exd4 Qd1+ 45. Kg2 Rh5 46. Qxc2
Qxc2 47. Rxc2 Ra5 48. Rc4 g6 49. Bc3 Ra8 50. Rc6 Ke7 51. a5 Kd7 52. Rb6 Kc7 53.
Bd2
1-0

[Event "Bergens SK Høstturnering 2023"]
[Site "Bergens Schakklub"]
[Date "2023.10.17"]
[Round "6"]
[White "Flaten, Siver"]
[Black "Christoffersen, Odd"]
[Result "1/2-1/2"]
[WhiteElo "1502"]
[BlackElo "1505"]
[PlyCount "54"]
[EventDate "2023.??.??"]

1. e4 e5 2. Nf3 Nf6 3. d4 Nxe4 4. Bd3 d5 5. Nxe5 Be7 6. O-O O-O 7. Re1 Nf6 8.
Bf4 Nc6 9. Nxc6 bxc6 10. c3 c5 11. Qc2 c4 12. Bf5 g6 13. Bxc8 Rxc8 14. Nd2 Re8
15. h3 Nh5 16. Bh2 Bd6 17. Rxe8+ Qxe8 18. Bxd6 cxd6 19. Nf3 Rc7 20. Re1 Re7 21.
Rxe7 Qxe7 22. b3 Nf6 23. Kf1 Kg7 24. Nd2 Qc7 25. b4 Nh5 26. g3 Qd7 27. Kg2 Nf6
1/2-1/2

[Event "Bergens SK Høstturnering 2023"]
[Site "Bergens Schakklub"]
[Date "2023.10.17"]
[Round "6"]
[White "Krbacevic, Mateja"]
[Black "Ingebrigtsen, Ruben"]
[Result "0-1"]
[WhiteElo "1577"]
[BlackElo "1509"]
[PlyCount "64"]
[EventDate "2023.??.??"]

1. e4 c6 2. d4 d5 3. Nc3 dxe4 4. Nxe4 Bf5 5. Ng3 Bg6 6. Nf3 Nd7 7. h4 h6 8. h5
Bh7 9. Bd3 Bxd3 10. Qxd3 e6 11. Bf4 Ngf6 12. O-O Be7 13. Rfe1 O-O 14. c4 b5 15.
b3 Re8 16. cxb5 cxb5 17. Qxb5 Nd5 18. Bd2 Rb8 19. Qd3 N7f6 20. Ne5 Qb6 21. Ne4
Rbc8 22. Nxf6+ Nxf6 23. g4 Red8 24. Be3 Nd5 25. Rac1 Qb7 26. Qe4 Qa6 27. Qb1
Bb4 28. Rxc8 Rxc8 29. Rc1 Nc3 30. Qc2 Ne2+ 31. Kh2 Rxc2 32. Rxc2 Bd6
0-1

[Event "Bergens SK Høstturnering 2023"]
[Site "Bergens Schakklub"]
[Date "2023.10.24"]
[Round "7"]
[White "Engelsen, Teodor Tenfjord"]
[Black "Flaten, Siver"]
[Result "1-0"]
[WhiteElo "1885"]
[BlackElo "1502"]
[PlyCount "81"]
[EventDate "2023.??.??"]

1. Nf3 Nf6 2. g3 g6 3. Bg2 Bg7 4. O-O O-O 5. d4 d6 6. c3 c5 7. dxc5 dxc5 8. Be3
Qc7 9. Na3 Rd8 10. Qc1 Nd5 11. Bh6 Nc6 12. Rd1 e6 13. Bxg7 Kxg7 14. Nb5 Qa5 15.
c4 Nde7 16. Rxd8 Qxd8 17. Qe1 a6 18. Rd1 Qb6 19. Qc3+ f6 20. Nd6 e5 21. Nxc8
Rxc8 22. Rd7 Rd8 23. Nxe5 Nxe5 24. Rxe7+ Kf8 25. Rxh7 Kg8 26. Rh4 g5 27. Re4
Qe6 28. f3 Qd6 29. Bh3 Qd1+ 30. Kg2 Rd2 31. Qe3 Rxb2 32. Rxe5 fxe5 33. Qxg5+
Kf8 34. Qf6+ Kg8 35. Be6+ Kh7 36. Qf7+ Kh6 37. Qf8+ Kg6 38. Bf5+ Kh5 39. g4+
Kg5 40. h4+ Kf4 41. Qh6#
1-0

[Event "Bergens SK Høstturnering 2023"]
[Site "Bergens Schakklub"]
[Date "2023.10.24"]
[Round "7"]
[White "Larsen, Stig Børje"]
[Black "Selbekk, Vebjørn"]
[Result "0-1"]
[WhiteElo "1688"]
[BlackElo "1871"]
[PlyCount "38"]
[EventDate "2023.??.??"]

1. d4 d6 2. Nc3 Nf6 3. Bf4 g6 4. e4 Bg7 5. Qd2 c6 6. f3 Qb6 7. Na4 Qc7 8. c4 e5
9. Bh6 Bxh6 10. Qxh6 Qa5+ 11. Nc3 exd4 12. Qg7 dxc3 13. Qxh8+ Ke7 14. O-O-O
Qxa2 15. bxc3 Nbd7 16. f4 Nc5 17. Qxf6+ Kxf6 18. Rxd6+ Ke7 19. e5 Qa1+
0-1

[Event "Bergens SK Høstturnering 2023"]
[Site "Bergens Schakklub"]
[Date "2023.10.24"]
[Round "7"]
[White "Bjarnason, Snorri Vikanes"]
[Black "Fossheim, Yngve Götestam"]
[Result "0-1"]
[WhiteElo "1739"]
[BlackElo "2018"]
[PlyCount "58"]
[EventDate "2023.??.??"]

1. Nf3 Nf6 2. g3 b6 3. Bg2 Bb7 4. O-O e6 5. d4 c5 6. dxc5 Bxc5 7. Bf4 O-O 8. c4
Qc8 9. Nc3 Ne4 10. Qd3 f5 11. Rac1 Be7 12. Nb5 Na6 13. Rfd1 Nac5 14. Qb1 a6 15.
Nd6 Nxd6 16. Bxd6 Bxd6 17. Rxd6 Qc7 18. Rcd1 Rad8 19. Ng5 h6 20. Bxb7 Nxb7 21.
Rxe6 dxe6 22. Nxe6 Rxd1+ 23. Qxd1 Qd6 24. Qxd6 Nxd6 25. Nxf8 Kxf8 26. b3 Ne4
27. e3 Nc3 28. a3 Nb1 29. Kf1 Nd2+
0-1

[Event "Bergens SK Høstturnering 2023"]
[Site "Bergens Schakklub"]
[Date "2023.10.24"]
[Round "7"]
[White "Christoffersen, Odd"]
[Black "Myny, Sigur H"]
[Result "1/2-1/2"]
[WhiteElo "1505"]
[BlackElo "1629"]
[PlyCount "49"]
[EventDate "2023.??.??"]

1. e4 c6 2. d4 d5 3. exd5 cxd5 4. Bd3 Nc6 5. c3 Nf6 6. Bf4 Bg4 7. f3 Bh5 8. Nd2
e6 9. Ne2 Bg6 10. Nb3 Bd6 11. Bxd6 Qxd6 12. Qd2 Bxd3 13. Qxd3 O-O 14. O-O a5
15. Rfe1 a4 16. Nd2 b5 17. a3 Rab8 18. Qe3 Na5 19. Qf4 Qxf4 20. Nxf4 Nc4 21.
Nxc4 bxc4 22. Re2 Rb7 23. Rc1 Rfb8 24. Rcc2 Re8 25. Nh3
1/2-1/2

[Event "Bergens SK Høstturnering 2023"]
[Site "Bergens Schakklub"]
[Date "2023.10.31"]
[Round "8"]
[White "Texe, Eirik"]
[Black "Larsen, Stig Børje"]
[Result "1-0"]
[WhiteElo "1562"]
[BlackElo "1688"]
[PlyCount "93"]
[EventDate "2023.??.??"]

1. e4 c5 2. Nf3 e6 3. d4 cxd4 4. Nxd4 Bc5 5. Nb3 Bb6 6. Be2 Ne7 7. Nc3 a6 8.
O-O Ng6 9. Kh1 O-O 10. Qd3 Nc6 11. a3 Ba7 12. f4 b5 13. Be3 Qc7 14. Rad1 b4 15.
Na4 Bxe3 16. Qxe3 bxa3 17. bxa3 Nge7 18. f5 Qe5 19. Nb6 Ra7 20. Nc4 Qc7 21. f6
gxf6 22. Rxf6 d5 23. exd5 exd5 24. Nd6 Be6 25. Qg3+ Ng6 26. h4 Kh8 27. h5 Nge5
28. Nf5 Rg8 29. Qf2 Ng4 30. Bxg4 Rxg4 31. Nh6 Rg5 32. Rxe6 Rxh5+ 33. Kg1 Qh2+
34. Kf1 Rxh6 35. Rxh6 Qxh6 36. Rxd5 Re7 37. Kg1 Qe6 38. Rd1 Kg7 39. Nc5 Qe3 40.
Qxe3 Rxe3 41. Rd3 Re1+ 42. Kf2 Rc1 43. Rc3 Nd4 44. Nxa6 Rxc2+ 45. Rxc2 Nxc2 46.
a4 Kf6 47. Nc5 {Tid}
1-0

[Event "Bergens SK Høstturnering 2023"]
[Site "Bergens Schakklub"]
[Date "2023.10.31"]
[Round "8"]
[White "Fossheim, Yngve Götestam"]
[Black "Selbekk, Vebjørn"]
[Result "1/2-1/2"]
[WhiteElo "2018"]
[BlackElo "1871"]
[PlyCount "154"]
[EventDate "2023.??.??"]

1. e4 d6 2. d4 Nf6 3. f3 g6 4. Be3 Nc6 5. Nc3 e5 6. d5 Ne7 7. Qd2 a6 8. a4 Bd7
9. Bh6 Qb8 10. Bxf8 Rxf8 11. Bc4 Qa7 12. Nge2 Qc5 13. Qd3 Nfg8 14. b4 Qa7 15.
b5 f5 16. bxa6 bxa6 17. Kd2 Nf6 18. Rhf1 Kf7 19. h3 Kg7 20. g4 fxe4 21. fxe4 g5
22. Ng3 Ng6 23. Qe3 Qxe3+ 24. Kxe3 Nf4 25. Rh1 Rfb8 26. Nge2 Rb4 27. Nxf4 Rxc4
28. Nfe2 Rb8 29. Rhb1 Rxb1 30. Rxb1 Bxa4 31. Kd3 Bb5 32. Nxb5 axb5 33. Ng3 Rc5
34. c3 Kg6 35. Nf5 h5 36. Ne3 hxg4 37. hxg4 Kg7 38. Rf1 Kg6 39. Ra1 c6 40. dxc6
Rxc6 41. Rb1 Rc5 42. Ra1 d5 43. exd5 Nxd5 44. Nxd5 Rxd5+ 45. Ke4 Rc5 46. Ra6+
Kf7 47. Rb6 Rxc3 48. Rxb5 Rc6 49. Kf5 e4 50. Rb7+ Kf8 51. Rb4 Kf7 52. Rxe4 Rc5+
53. Re5 Rc6 54. Ra5 Rf6+ 55. Kxg5 Rg6+ 56. Kh5 Rb6 57. Ra7+ Kg8 58. g5 Rc6 59.
Re7 Kf8 60. Re5 Kg7 61. Re7+ Kf8 62. Rh7 Kg8 63. Rh6 Rc5 64. Ra6 Rc7 65. Rg6+
Kh8 66. Rh6+ Kg7 67. Rg6+ Kh8 68. Rb6 Kg7 69. Ra6 Rb7 70. Ra5 Rc7 71. Kg4 Kg6
72. Ra6+ Kg7 73. Re6 Kf7 74. Rh6 Kg7 75. Kh5 Ra7 76. Rg6+ Kh7 77. Rb6 Kg7
1/2-1/2

[Event "Bergens SK Høstturnering 2023"]
[Site "Bergens Schakklub"]
[Date "2023.10.31"]
[Round "8"]
[White "Manne, Per Erik"]
[Black "Bjarnason, Snorri Vikanes"]
[Result "0-1"]
[WhiteElo "2175"]
[BlackElo "1739"]
[PlyCount "118"]
[EventDate "2023.??.??"]

1. d4 d5 2. Nf3 Nf6 3. c4 dxc4 4. e3 e6 5. Bxc4 a6 6. O-O c5 7. b3 Be7 8. Bb2
O-O 9. dxc5 Bxc5 10. Qe2 Nc6 11. Rd1 Qe7 12. Nc3 b5 13. Bd3 Bb7 14. Ne4 Nxe4
15. Bxe4 f5 16. Bxc6 Bxc6 17. Rac1 Bxf3 18. Qxf3 Rac8 19. Be5 Ba3 20. Rxc8 Rxc8
21. Qe2 Qc5 22. Bd6 Qc1 23. Be5 Qc5 24. Bd4 Qc2 25. Kf1 Qe4 26. f3 Qh4 27. Be5
Rd8 28. Qc2 Bb4 29. Rxd8+ Qxd8 30. Ke2 h6 31. g3 Qd7 32. Qd3 Qc8 33. Bxg7 Kxg7
34. Qd4+ Kf7 35. Qxb4 Qc1 36. Qe1 Qa3 37. Qd2 Ke7 38. h3 Qc5 39. Kf2 b4 40. g4
f4 41. Ke2 Qb5+ 42. Qd3 Qe5 43. Qd4 Qa5 44. Qd2 Qb5+ 45. Qd3 Qe5 46. Qd4 Qa5
47. Qg7+ Ke8 48. Qg6+ Ke7 49. Qh7+ Ke8 50. Qc2 Qe5 51. Qd2 Qb5+ 52. Ke1 Qc6 53.
Qxb4 Qc1+ 54. Ke2 Qxe3+ 55. Kd1 Qxf3+ 56. Kc1 Qe3+ 57. Qd2 Qe5 58. Qd3 Qa1+ 59.
Qb1 Qxb1+
0-1

[Event "Bergens SK Høstturnering 2023"]
[Site "Bergens Schakklub"]
[Date "2023.10.31"]
[Round "8"]
[White "Ingebrigtsen, Ruben"]
[Black "Christoffersen, Odd"]
[Result "1-0"]
[WhiteElo "1509"]
[BlackElo "1505"]
[PlyCount "97"]
[EventDate "2023.??.??"]

1. d4 Nf6 2. c4 e5 3. dxe5 Ng4 4. Nf3 Bc5 5. e3 Nc6 6. Be2 Ngxe5 7. O-O d6 8.
Nc3 O-O 9. Na4 Qe7 10. a3 a5 11. Nxc5 dxc5 12. Qc2 b6 13. Bd2 Bb7 14. Bc3 f6
15. Rfd1 Rad8 16. Rxd8 Rxd8 17. Rd1 Re8 18. Nh4 Qe6 19. b3 Bc8 20. Nf3 Qe7 21.
Nxe5 Nxe5 22. Bxe5 Qxe5 23. Bf3 Bf5 24. Qd2 Be4 25. Bxe4 Qxe4 26. a4 g6 27.
Qd5+ Qxd5 28. Rxd5 Re7 29. Kf1 Kf7 30. Ke2 f5 31. h4 f4 32. Kf3 fxe3 33. fxe3
Ke8 34. h5 Kf7 35. e4 h6 36. hxg6+ Kxg6 37. g4 Rf7+ 38. Rf5 Re7 39. e5 Re6 40.
Ke4 c6 41. Rf8 Kg5 42. Rb8 Kxg4 43. Rg8+ Kh5 44. Kf5 Re7 45. Kf6 Rd7 46. e6 Rd1
47. e7 Rf1+ 48. Ke6 Re1+ 49. Kd6
1-0

[Event "Bergens SK Høstturnering 2023"]
[Site "Bergens Schakklub"]
[Date "2023.11.07"]
[Round "9"]
[White "Larsen, Stig Børje"]
[Black "Flaten, Siver"]
[Result "1-0"]
[WhiteElo "1688"]
[BlackElo "1502"]
[PlyCount "51"]
[EventDate "2023.??.??"]

1. d4 Nf6 2. Nc3 g6 3. Bf4 Bg7 4. e4 d6 5. Qd2 O-O 6. Be2 c5 7. d5 a6 8. a4 Qa5
9. Ra3 Qb4 10. Bf3 Nbd7 11. Nge2 Rb8 12. O-O b5 13. Rb1 c4 14. Nd4 Qc5 15. axb5
Nxe4 16. Nxe4 Qxd4 17. Qxd4 Bxd4 18. bxa6 Rxb2 19. Rxb2 Bxb2 20. a7 Bb7 21. Ra5
Ra8 22. Be3 f5 23. Rb5 fxe4 24. Rxb7 exf3 25. Rxd7 Kf7 26. Rb7
1-0

[Event "Bergens SK Høstturnering 2023"]
[Site "Bergens Schakklub"]
[Date "2023.11.07"]
[Round "9"]
[White "Bjarnason, Snorri Vikanes"]
[Black "Texe, Eirik"]
[Result "1-0"]
[WhiteElo "1739"]
[BlackElo "1562"]
[PlyCount "53"]
[EventDate "2023.??.??"]

1. Nf3 d5 2. g3 Nf6 3. Bg2 e6 4. O-O Be7 5. c4 O-O 6. Qc2 Nc6 7. a3 a6 8. b4 e5
9. cxd5 Nxd5 10. Bb2 Qd6 11. Rd1 Nf6 12. d4 Rd8 13. Nbd2 exd4 14. Nb3 Ne5 15.
Rxd4 Nxf3+ 16. Bxf3 Qb6 17. Rxd8+ Bxd8 18. Rd1 Bh3 19. Bd4 Qb5 20. Nc5 Rb8 21.
Be5 Qe8 22. Nxb7 Qxe5 23. Nxd8 Qg5 24. Qxc7 Rc8 25. Qxf7+ Kh8 26. Qf8+ Ng8 27.
Nf7#
1-0

[Event "Bergens SK Høstturnering 2023"]
[Site "Bergens Schakklub"]
[Date "2023.11.07"]
[Round "9"]
[White "Selbekk, Vebjørn"]
[Black "Fossheim, Yngve Götestam"]
[Result "0-1"]
[WhiteElo "1871"]
[BlackElo "2018"]
[PlyCount "76"]
[EventDate "2023.??.??"]

1. d4 d5 2. c4 e6 3. Nc3 Nf6 4. cxd5 exd5 5. Bg5 Nbd7 6. e3 Be7 7. Nf3 c6 8.
Bd3 Ne4 9. Bf4 Ndf6 10. Ne5 Bb4 11. Rc1 g5 12. Bg3 h5 13. f3 Nxg3 14. hxg3 Nd7
15. Nxd7 Bxd7 16. g4 h4 17. Qc2 Qc7 18. Kf2 Bd6 19. Ne2 O-O-O 20. Rh3 Rde8 21.
e4 dxe4 22. Bxe4 Kb8 23. Nc3 Qb6 24. Kg1 Qxd4+ 25. Kh1 Qe5 26. Qd2 Bc8 27. Rd1
Rd8 28. Re1 Rhe8 29. Ne2 Bxg4 30. fxg4 Qxe4 31. Rd3 Qe5 32. Rh3 Bc7 33. Qc2 Ba5
34. b4 Bxb4 35. Rb1 Qxe2 36. Qxe2 Rxe2 37. Rxb4 Rd1+ 38. Kh2 Ree1
0-1

[Event "Bergens SK Høstturnering 2023"]
[Site "Bergens Schakklub"]
[Date "2023.11.07"]
[Round "9"]
[White "Myny, Sigur H"]
[Black "Christoffersen, Odd"]
[Result "1/2-1/2"]
[WhiteElo "1629"]
[BlackElo "1505"]
[PlyCount "65"]
[EventDate "2023.??.??"]

1. c4 e6 2. g3 d5 3. Bg2 Nf6 4. Nf3 Nbd7 5. O-O Be7 6. d4 O-O 7. Qc2 Ne4 8. Nc3
Ndf6 9. Ne5 Nxc3 10. Qxc3 c6 11. Rd1 Ne4 12. Qc2 f5 13. f3 Nf6 14. e4 Bd7 15.
Nxd7 Qxd7 16. cxd5 cxd5 17. e5 Rfc8 18. Qd3 Ne8 19. f4 Rc7 20. Bd2 Rac8 21. Bf1
Qa4 22. a3 a6 23. Rac1 Qd7 24. Qb3 Rxc1 25. Rxc1 Rxc1 26. Bxc1 Qc6 27. Bd2 Kf7
28. Ba5 Nc7 29. Qb6 Qxb6 30. Bxb6 Na8 31. Ba5 Ke8 32. Kf2 Kd7 33. Ke3
1/2-1/2

[Event "Bergens SK Høstturnering 2023"]
[Site "Bergens Schakklub"]
[Date "2023.11.07"]
[Round "9"]
[White "Ingebrigtsen, Ruben"]
[Black "Manne, Per Erik"]
[Result "0-1"]
[WhiteElo "1509"]
[BlackElo "2175"]
[PlyCount "82"]
[EventDate "2023.??.??"]

1. d4 Nf6 2. c4 e6 3. Nf3 b6 4. e3 Bb7 5. Bd3 Be7 6. Nc3 O-O 7. O-O d6 8. e4
Nbd7 9. Re1 e5 10. d5 a5 11. g3 g6 12. h4 Nc5 13. Be3 Nxd3 14. Qxd3 Ng4 15. Bd2
Bc8 16. a3 a4 17. Qc2 Bd7 18. Nh2 Nxh2 19. Kxh2 Bxh4 20. Bh6 Re8 21. Kg2 Bg5
22. Bxg5 Qxg5 23. Nb5 Rec8 24. Rh1 h5 25. Raf1 Ra5 26. Qe2 Kg7 27. f4 exf4 28.
Rxf4 Bxb5 29. cxb5 Re8 30. Qc4 Re7 31. Rhf1 Ra8 32. Qd4+ Kg8 33. Qf2 Rf8 34.
Qc2 Qe5 35. R1f2 Ra8 36. Qd3 Rae8 37. Qf3 Rf8 38. Qd1 g5 39. Rf5 Qxe4+ 40. Kh2
f6 41. Qxh5 Rh7
0-1

[Event "Bergens SK Høstturnering 2023"]
[Site "Bergens Schakklub"]
[Date "2023.11.14"]
[Round "10"]
[White "Christoffersen, Odd"]
[Black "Larsen, Stig Børje"]
[Result "1-0"]
[WhiteElo "1505"]
[BlackElo "1688"]
[PlyCount "107"]
[EventDate "2023.??.??"]

1. e4 c5 2. Nf3 e6 3. b3 Qf6 4. e5 Qd8 5. Bb2 Nc6 6. g3 Be7 7. Bg2 f6 8. O-O
Nh6 9. Re1 O-O 10. Na3 a6 11. c4 fxe5 12. Nxe5 Nxe5 13. Bxe5 d6 14. Bb2 Bf6 15.
Qc1 Rb8 16. Nc2 b5 17. Ne3 Bd4 18. Rf1 Bb7 19. d3 Qf6 20. Rb1 Nf5 21. Nxf5 Qxf5
22. Bxd4 cxd4 23. Bxb7 Rxb7 24. cxb5 Qxb5 25. Qd2 Rf3 26. Qe2 Qf5 27. Qe4 Qxe4
28. dxe4 Rc7 29. Rbd1 e5 30. Rd2 g5 31. Kg2 g4 32. h4 h5 33. Rfd1 Rcc3 34. Kf1
d3 35. Rb1 Kf7 36. b4 Rc2 37. Rxc2 dxc2 38. Rc1 Rc3 39. Ke2 Rc4 40. Kd3 Rd4+
41. Kc3 Rxe4 42. Rxc2 Ke6 43. a4 Kd5 44. Kb3 Rd4 45. b5 axb5 46. axb5 Rd1 47.
Kb4 Ra1 48. b6 Ra8 49. Kb5 e4 50. Rd2+ Ke6 51. b7 Rf8 52. Kc6 d5 53. Rxd5 Rxf2
54. b8=Q 
1-0

[Event "Bergens SK Høstturnering 2023"]
[Site "Bergens Schakklub"]
[Date "2023.11.14"]
[Round "10"]
[White "Fossheim, Yngve Götestam"]
[Black "Manne, Per Erik"]
[Result "1-0"]
[WhiteElo "2018"]
[BlackElo "2175"]
[PlyCount "91"]
[EventDate "2023.??.??"]

1. e4 e5 2. Nf3 Nc6 3. d4 exd4 4. Nxd4 Nf6 5. Nxc6 bxc6 6. e5 Qe7 7. Qe2 Nd5 8.
h4 h6 9. c4 Nb6 10. b3 Bb7 11. Ba3 Qe6 12. c5 Nd5 13. g3 f6 14. exf6 Qxe2+ 15.
Bxe2 Nxf6 16. Nc3 d5 17. O-O-O Kf7 18. g4 Nd7 19. Na4 Re8 20. Rde1 Bc8 21. h5
Be7 22. f4 Nf6 23. Bb2 Ne4 24. Bd3 Bf6 25. Bxf6 gxf6 26. Nc3 f5 27. Nxe4 fxe4
28. Be2 Kf6 29. Rhg1 Rhg8 30. Ref1 d4 31. g5+ hxg5 32. fxg5+ Ke5 33. Bc4 Be6
34. g6 d3 35. Bxe6 Rxe6 36. Kd2 Kd4 37. Rg4 Kxc5 38. Ke3 d2 39. g7 Rh6 40. Rg5+
Kb4 41. Kxd2 Rh7 42. Rf7 Rd8+ 43. Ke3 Ka3 44. g8=Q Rxg8 45. Ra5+ Kb4 46. Ra4+
1-0

[Event "Bergens SK Høstturnering 2023"]
[Site "Bergens Schakklub"]
[Date "2023.11.14"]
[Round "10"]
[White "Lien, Sebastian"]
[Black "Bjarnason, Snorri Vikanes"]
[Result "1/2-1/2"]
[WhiteElo "1706"]
[BlackElo "1739"]
[PlyCount "69"]
[EventDate "2023.??.??"]

1. d4 d5 2. c4 dxc4 3. e3 Nf6 4. Bxc4 e6 5. Nf3 a6 6. a4 c5 7. O-O Be7 8. Nc3
Nbd7 9. Re1 cxd4 10. exd4 Nb6 11. Bb3 O-O 12. Bg5 Nfd5 13. Nxd5 Nxd5 14. Bxe7
Nxe7 15. Bc2 Ng6 16. Ne5 Bd7 17. Qh5 Rc8 18. Be4 Bc6 19. Nxc6 bxc6 20. Qc5 Nf4
21. g3 Nd5 22. a5 Rb8 23. Qxc6 Rxb2 24. Qxa6 Qf6 25. Re2 Rxe2 26. Qxe2 Qxd4 27.
Re1 Ra8 28. Bxd5 Qxd5 29. a6 Qa5 30. Rc1 h6 31. Rc6 Qa1+ 32. Qf1 Qa4 33. Rd6
Qa3 34. Rc6 Qa4 35. Rd6 
1/2-1/2

[Event "Bergens SK Høstturnering 2023"]
[Site "Bergens Schakklub"]
[Date "2023.11.14"]
[Round "10"]
[White "Flaten, Siver"]
[Black "Wiger-Nordås, Felix"]
[Result "0-1"]
[WhiteElo "1502"]
[BlackElo "1507"]
[PlyCount "102"]
[EventDate "2023.??.??"]

1. Nf3 d5 2. g3 Nf6 3. Bg2 c6 4. O-O Bf5 5. b3 Nbd7 6. Bb2 e6 7. d3 Be7 8. Nh4
Bg6 9. Nxg6 hxg6 10. c4 dxc4 11. bxc4 Qb6 12. Qd2 Rd8 13. Nc3 Ne5 14. Qc2 Qc7
15. Rab1 Neg4 16. h3 Nxf2 17. Rxf2 Bc5 18. Na4 Bxf2+ 19. Kxf2 Nh5 20. Rg1 Qxg3+
21. Kf1 Kf8 22. Nc5 Qe3 23. Ne4 Nf4 24. Bc1 Nxg2 25. Rxg2 Qxh3 26. Ng5 Qf5+ 27.
Nf3 Rh3 28. Rg5 Rxf3+ 29. exf3 Qxf3+ 30. Kg1 Rxd3 31. Rg2 Qd1+ 32. Kh2 Qh5+ 33.
Kg1 Rd1+ 34. Kf2 Qh4+ 35. Rg3 Qh1 36. Ba3+ Kg8 37. Qe2 Rd4 38. Rd3 Rf4+ 39. Kg3
Qh4+ 40. Kg2 Rg4+ 41. Kf1 Qh1+ 42. Kf2 Rg2+ 43. Ke3 Rxe2+ 44. Kxe2 Qe4+ 45. Re3
Qxc4+ 46. Kf2 Qxa2+ 47. Kg1 b5 48. Bc5 Qb1+ 49. Kh2 Qc2+ 50. Kh1 Qxc5 51. Rd3
Qc1+ 
0-1

[Event "Bergens SK HÃ¸stturnering 2023"]
[Site "Bergens Schakklub"]
[Date "2023.11.21"]
[Round "11"]
[White "Bjarnason, Snorri Vikanes"]
[Black "Engelsen, Teodor Tenfjord"]
[Result "0-1"]
[WhiteElo "1739"]
[BlackElo "1885"]
[PlyCount "158"]
[EventDate "2023.??.??"]

1. Nf3 c5 2. c4 Nc6 3. d4 cxd4 4. Nxd4 g6 5. g3 Bg7 6. Nc2 Nf6 7. Bg2 O-O 8.
O-O d6 9. Nc3 Be6 10. Ne3 Rc8 11. Qd2 a6 12. b3 b5 13. cxb5 axb5 14. Bb2 b4 15.
Ncd5 Nxd5 16. Bxd5 Bxb2 17. Qxb2 Qa5 18. Rfd1 Ne5 19. a3 Rc5 20. Qd4 Rb5 21. f4
Nd7 22. Bxe6 fxe6 23. axb4 Qxb4 24. Ra7 Rd8 25. Qxb4 Rxb4 26. Nc2 Rb6 27. Nd4
Kf7 28. Rc1 Nf6 29. Rcc7 Nd5 30. Rcb7 Rxb7 31. Rxb7 Rc8 32. e4 Nf6 33. e5 dxe5
34. fxe5 Ng4 35. Rb5 Rd8 36. Nf3 h6 37. Rb4 Rd1+ 38. Kg2 Ne3+ 39. Kf2 Nd5 40.
Re4 Rd3 41. Ke2 Rxb3 42. Rh4 Kg7 43. Nd4 Re3+ 44. Kd2 Rxe5 45. Nc6 Rh5 46. Rxh5
gxh5 47. Kd3 Kf6 48. Ke4 Nc3+ 49. Kd3 Nb5 50. Ke3 Nd6 51. Nb8 Kf5 52. Nc6 Kf6
53. Nb8 e5 54. Nd7+ Kf5 55. Nc5 e4 56. h3 e5 57. Ke2 Nf7 58. Nb7 Ke6 59. Nc5+
Kd5 60. Nd7 Ke6 61. Nc5+ Kf5 62. Nb7 h4 63. gxh4 Kf4 64. Nc5 Nd6 65. Nd7 Nf5
66. Nf6 Nxh4 67. Nd5+ Kf5 68. Ne3+ Kg5 69. Ng4 Ng6 70. Ke3 h5 71. Nf2 Kh4 72.
Kxe4 Kg3 73. Ke3 Nf4 74. Nd1 Kxh3 75. Ke4 Kg3 76. Kxe5 h4 77. Ne3 h3 78. Nf5+
Kf3 79. Nd4+ Kg2 0-1

[Event "Bergens SK HÃ¸stturnering 2023"]
[Site "Bergens Schakklub"]
[Date "2023.11.21"]
[Round "11"]
[White "Larsen, Stig BÃ¸rje"]
[Black "Christoffersen, Odd"]
[Result "1/2-1/2"]
[WhiteElo "1688"]
[BlackElo "1505"]
[PlyCount "76"]
[EventDate "2023.??.??"]

1. d4 d5 2. Bf4 e6 3. e3 Bd6 4. Bg3 Bxg3 5. hxg3 c5 6. Bd3 c4 7. Be2 Nf6 8. Nc3
Nc6 9. f4 Qa5 10. Qd2 b5 11. Bf3 b4 12. Nd1 Ne4 13. Bxe4 dxe4 14. Nh3 Bb7 15.
c3 Ke7 16. Ndf2 bxc3 17. bxc3 f5 18. g4 h5 19. gxf5 exf5 20. O-O Qd5 21. Rab1
Rab8 22. Rb2 Ba6 23. Rfb1 Rxb2 24. Rxb2 Rb8 25. Nd1 Kf6 26. Rxb8 Nxb8 27. Qf2
g6 28. Qb2 Nd7 29. Qa3 Qc6 30. Ng5 Qb6 31. Nb2 Bb5 32. Qb4 Ba6 33. a3 Qxb4 34.
axb4 Bb5 35. Kf2 Nb6 36. Ke2 Nd5 37. Kd2 Nb6 38. Nh3 Nd5 1/2-1/2

[Event "Bergens SK HÃ¸stturnering 2023"]
[Site "Bergens Schakklub"]
[Date "2023.11.21"]
[Round "11"]
[White "Wiger-NordÃ¥s, Felix"]
[Black "Fossheim, Yngve GÃ¶testam"]
[Result "0-1"]
[WhiteElo "1507"]
[BlackElo "2018"]
[PlyCount "98"]
[EventDate "2023.??.??"]

1. e4 c5 2. g3 Nc6 3. Bg2 g6 4. d3 Bg7 5. c3 b6 6. Nf3 e6 7. Be3 Nge7 8. O-O d5
9. exd5 Nxd5 10. Bd2 O-O 11. Qc1 Ba6 12. Bh6 Bxd3 13. Rd1 Be2 14. Bxg7 Kxg7 15.
Rd2 Bxf3 16. Bxf3 Ne5 17. Bg2 Qf6 18. c4 Ne7 19. Bxa8 Rxa8 20. Re2 Nf3+ 21. Kg2
Nc6 22. Nd2 Ncd4 23. Re3 Ne5 24. Ne4 Qe7 25. h3 Qb7 26. f4 Nd3 27. Qc3 Nb4 28.
Re2 f5 29. a3 Na6 30. Rae1 Re8 31. Kf2 fxe4 32. Rxe4 Kf7 33. b4 Nb8 34. g4 Nd7
35. g5 Qc7 36. Qg3 Nf5 37. Qd3 cxb4 38. axb4 a5 39. c5 axb4 40. cxb6 Qxb6+ 41.
Kf3 Nc5 42. Qd2 Nxe4 43. Rxe4 Rd8 44. Qxb4 Nd4+ 45. Rxd4 Qxd4 46. Qb7+ Rd7 47.
Qc8 Qd1+ 48. Kg3 Rd3+ 49. Kh4 Qh5# 0-1